Nevyhnutnosť systémových opatrení Jarolím Augustín: Nemôžeme sedieť so založenými rukami a prepadať pesimizmu

Bibliographic Details
Main Authors: Nemec, Stanislav (ain), Augustín, Jarolím (Author, uin)
Format: Article
Language:Slovak
PhysicalDescription:Fotogr.
Subjects:

MARC

LEADER 00000nab a2200000 a 4500
001 vtls000669588
003 SK-MaSNL
005 20260302190358.0
008 180205c1998 xo 0 slo
015 |a SNBRB1998/07-18401 
035 |a CLN000021767 
040 |a SNKBUCL  |b slo  |c SNKBUCL  |e AACR2 
041 0 |a slo 
044 |a xo  |c SK 
080 |a 631(437.6)  |2 UDC-MRF-SK2 
100 1 |a Nemec, Stanislav  |4 ain  |9 339695 
245 1 0 |a Nevyhnutnosť systémových opatrení  |b Jarolím Augustín: Nemôžeme sedieť so založenými rukami a prepadať pesimizmu  |c [zhováral sa] Stanislav Nemec 
300 |b Fotogr. 
650 0 7 |a poľnohospodárstvo  |z Banskobystrický kraj (Slovensko)  |2 snkbucl  |9 904390 
655 7 |a články z novín a časopisov  |2 snkbucl  |9 267496 
700 1 |a Augustín, Jarolím  |4 aut  |4 uin  |9 687632 
773 0 |t Roľnícke noviny  |g Č. 132 (13.7.1998) 
773 0 |t [Príl.] Agroinform  |g S. 2 
850 |a Slovenská národná knižnica v Martine 
852 |a SNK  |b KIS3GCP 
958 |a RBX 
999 |c 1433113  |d 1435043